banner koha

Primeiros encontros : (Registro n. 260037)

MARC details
000 -LÍDER
Campo de controle fixo 00814nam a22002657a 4500
001 - NÚMERO DE CONTROLE
Número de controle BS2023000639
003 - CÓDIGO MARC DA AGÊNCIA CATALOGADORA
Campo de controle BR-BrBNA
005 - DATA E HORA DA ÚLTIMA ATUALIZAÇÃO
Campo de controle 20231214135621.0
008 - CAMPO DE TAMANHO FIXO
Campo fixo de controle 231214b bl.||||| |||| 00| 0 por d
020 ## - ISBN - INTERNATIONAL STANDARD BOOK NUMBER
ISBN 85-03-00589-1
040 ## - FONTE DA CATALOGAÇÃO
Agência catalogadora BR-BrBNA
Idioma da catalogação por
041 ## - CÓDIGO DO IDIOMA
Código do Idioma por
072 ## - CATEGORIA DE CLASSIFICAÇÃO
Código da categoria de assunto U00
100 ## - ENTRADA PRINCIPAL - NOME PESSOAL
Código de relação aut.
Nome pessoal Sorell, Nancy Caldwell; Sorel, Edward
245 ## - TÍTULO PRINCIPAL
Título principal Primeiros encontros :
Subtítulo Um livro de encontros memoráveis /
Indicação de responsabilidade Nancy Caldwell Sorel e Edward Sorel
250 ## - EDIÇÃO
Edição 2 ed.
260 ## - IMPRENTA (PUBLICAÇÃO, DISTRIBUIÇÃO, ETC.)
Lugar de publicação, distribuição, etc. Rio de Janeiro, RJ :
Nome do editor, distribuidor, etc. José Olympio,
Data de publicação, distribuição, etc 1996.
300 ## - DESCRIÇÃO FÍSICA
Extensão 129 p. ;
Detalhes físicos adicionais il.
650 ## - ASSUNTO
Cabeçalho tópico ou nome geográfico CELEBRIDADES - CARICATURAS E DESENHOS HUMORÍSTICOS
650 ## - ASSUNTO
Cabeçalho tópico ou nome geográfico CELEBRIDADES - ANEDOTAS
650 ## - ASSUNTO
Cabeçalho tópico ou nome geográfico HUMORISMO NORTE-AMERICANO
909 ## - IDENTIFICAÇÃO DO CATALOGADOR
Ano e mês da catalogação (aaaamm) 202312
Identificação do catalogador Ana Lívia
942 ## - TIPO ESPECÍFICO
Tipo de material Livros
Exemplares
Status de empréstimo Fonte de classificação Status de danificação Não pode ser emprestado Localização permanente Localização atual Total Checkouts Número de chamada Código de barras Date last seen Tipo de material Perdido Data de aquisição Fonte de aquisição Qualificador de localização codificada Preço Número de inventário Preço para reposição Preço efetivo a partir de
  Classificação AGRIS     Espaço Ceres - QVT/MAPA Espaço Ceres - QVT/MAPA   U00 BS2023000639 2023-437318 14/12/2023 Livros                

BINAGRI

Telefone: (61)3218-2567/2388/3357/2097 - binagri@agro.gov.br

Ministério da Agricultura e Pecuária , Esplanada dos Ministérios, Bloco D, Anexo B, Brasília/DF, CEP: 70.043-900